| 000 | 00754nam a2200217 a 4500 | ||
|---|---|---|---|
| 005 | 20240924065437.0 | ||
| 008 | 010619s2001 r 000 0 eng d | ||
| 020 | _a8474327474 | ||
| 035 | _aUPN01000108603 | ||
| 049 | _aCG | ||
| 050 | 4 |
_aLB2386 _bP5.28 |
|
| 100 | 1 | _aPhillips, Estelle Marie, 1928- | |
| 245 | 1 | 0 |
_aCómo obtener un doctorado : _bmanual para estudiantes y tutores / _cEstelle M. Phillips, Derek S. Pugh ; tr. Gabriela Ventureira. |
| 260 |
_aBarcelona, Esp. _bGedisa, _c2001. |
||
| 300 | _a271 p. | ||
| 440 | 0 |
_aBiblioteca de educación. _pHerramientas universitarias ; _v5 |
|
| 650 | 4 |
_aEducación superior _zGran Bretaña _916564 |
|
| 650 | 7 |
_aEstudios de post-grado _2 _95448 |
|
| 700 | 1 |
_aPugh, Derek Salman, _ecoaut. |
|
| 905 | _aLibro | ||
| 999 |
_c82515 _d82515 |
||